[Event "HUN-chT2 Breyer 1415"]
[Site "Hungary"]
[Date "2015.01.25"]
[Round "?"]
[White "Tomasek, Tamas Mate"]
[Black "Szabo Thomka, Daniel"]
[Result "1-0"]
[WhiteElo "1996"]
[BlackElo "1746"]
[PlyCount "147"]
[EventDate "2014.09.07"]
[EventType "team-tourn"]
[EventRounds "11"]
[EventCountry "HUN"]
[SourceTitle "EXT 2016"]
[Source "ChessBase"]
[SourceDate "2015.10.08"]
[SourceVersion "1"]
[SourceVersionDate "2015.10.08"]
[SourceQuality "1"]
[WhiteTeam "Hobagoly"]
[BlackTeam "Szechenyi"]
[WhiteTeamCountry "HUN"]
[BlackTeamCountry "HUN"]

1. d4 d5 2. Nf3 e6 3. Bf4 c5 4. c3 Nf6 5. e3 Be7 6. Nbd2 0-0 7. h3 Nbd7 8. Be2 a6 9. 0-0 b5 10. Ne5 Nxe5 11. Bxe5 Bd7 12. Bf3 Rc8 13. Rc1 c4 14. e4 Bc6 15. exd5 Bxd5 16. b3 Bxf3 17. Qxf3 Qa5 18. bxc4 Qxa2 19. Rfd1 bxc4 20. Ra1 Qc2 21. Bxf6 Bxf6 22. Rxa6 Rc7 23. Ne4 Be7 24. Rda1 Rb8 25. Ra8 Rcc8 26. R8a7 Re8 27. Qf4 Rb1+ 28. Rxb1 Qxb1+ 29. Kh2 Qb6 30. Qc7 Qxc7+ 31. Rxc7 f5 32. Ng3 Bd6 33. Rxc4 h5 34. Kg1 Rb8 35. Rc6 Rb1+ 36. Nf1 Bf4 37. Rxe6 Rc1 38. Rc6 Bd2 39. c4 Kf7 40. d5 Bb4 41. g3 Be1 42. Ne3 Bb4+ 43. Kg2 g6 44. Kf3 Bd2 45. h4 Be1 46. Ke2 Bc3 47. d6 Ke6 48. d7+ Kxd7 49. Rxg6 Re1+ 50. Kd3 Bb4 51. Nxf5 Rf1 52. Ke2 Re1+ 53. Kf3 Rc1 54. Ne3 Bd2 55. Rh6 Bxe3 56. Kxe3 Rxc4 57. Rxh5 Ke6 58. Rg5 Kf6 59. f4 Rc1 60. Kf3 Rf1+ 61. Kg4 Rh1 62. h5 Rh2 63. Rg6+ Kf7 64. Kg5 Rh3 65. g4 Kf8 66. h6 Kf7 67. Rg7+ Kf8 68. f5 Rh1 69. Kg6 Rh4 70. g5 Rg4 71. f6 Rg1 72. h7 Rxg5+ 73. Kxg5 Ke8 74. h8Q# 1-0

[Event "HUN-chT2 Maroczy 1213"]
[Site "Hungary"]
[Date "2012.09.16"]
[Round "1"]
[White "Kiss, Balazs"]
[Black "Tomasek, Tamas Mate"]
[Result "1/2-1/2"]
[WhiteElo "2043"]
[BlackElo "2007"]
[PlyCount "58"]
[EventDate "2012.09.16"]
[EventType "team-tourn"]
[EventRounds "11"]
[EventCountry "HUN"]
[SourceTitle "EXT 2014"]
[Source "ChessBase"]
[SourceDate "2013.11.20"]
[SourceVersion "1"]
[SourceVersionDate "2013.11.20"]
[SourceQuality "1"]
[WhiteTeam "Oroshaza"]
[BlackTeam "Hobagoly"]
[WhiteTeamCountry "HUN"]
[BlackTeamCountry "HUN"]

1. d4 d5 2. Bg5 Bf5 3. e3 c6 4. Nf3 Qb6 5. b3 h6 6. Bh4 e6 7. Bd3 Bb4+ 8. c3 Bxd3 9. Qxd3 Be7 10. Bxe7 Nxe7 11. Ne5 c5 12. 0-0 Nbc6 13. f4 f5 14. Kh1 Nxe5 15. fxe5 Rc8 16. Nd2 0-0 17. Nf3 c4 18. Qc2 Qc7 19. b4 a5 20. b5 b6 21. Rg1 Qd7 22. a4 Qe8 23. Raf1 Qh5 24. g3 g5 25. Qg2 g4 26. Nh4 Ng6 27. Nxg6 Qxg6 28. h3 h5 29. Rf4 Kg7 1/2-1/2

[Event "HUN-chT2 Erkel 1112"]
[Site "Hungary"]
[Date "2011.11.13"]
[Round "3.10"]
[White "Tomasek, Tamas Mate"]
[Black "Kozak, Adam"]
[Result "0-1"]
[WhiteElo "2013"]
[BlackElo "1833"]
[PlyCount "122"]
[EventDate "2011.09.25"]
[EventType "team-tourn"]
[EventRounds "11"]
[EventCountry "HUN"]
[SourceTitle "EXT 2013"]
[Source "ChessBase"]
[SourceDate "2012.11.22"]
[SourceVersion "1"]
[SourceVersionDate "2012.11.22"]
[SourceQuality "1"]
[WhiteTeam "Foti"]
[BlackTeam "Sarkany"]
[WhiteTeamCountry "HUN"]
[BlackTeamCountry "HUN"]

1. d4 Nf6 2. Nf3 c5 3. c3 cxd4 4. cxd4 g6 5. Nc3 d5 6. Bf4 Nc6 7. e3 Bg7 8. Nb5 0-0 9. Nc7 Rb8 10. Nxd5 Nxd5 11. Bxb8 Nxb8 12. Bc4 Be6 13. Qb3 Qa5+ 14. Nd2 Nd7 15. e4 Bh6 16. 0-0 Qxd2 17. Bxd5 Bg4 18. f3 Qxd4+ 19. Kh1 Nc5 20. Qa3 Bc8 21. Rad1 Qe3 22. Qxa7 Ne6 23. Qxe3 Bxe3 24. Rd3 Bc5 25. Rc3 b6 26. Rd1 Nd4 27. b4 Bxb4 28. Rc4 Bc5 29. Rcxd4 Bxd4 30. Rxd4 Ba6 31. Ra4 Rc8 32. Kg1 Bd3 33. Rd4 Bb1 34. Bb3 Bxa2 35. Ba4 Bc4 36. Bd7 Rc7 37. Be8 b5 38. Rd8 Kg7 39. Rb8 Bd3 40. g4 Rc1+ 41. Kf2 Rb1 42. Ke3 Bc4 43. Kf4 b4 44. Rb7 b3 45. Bb5 Be6 46. Bd3 Rd1 47. Ke3 Rh1 48. Rxe7 Rxh2 49. Rb7 h5 50. gxh5 gxh5 51. f4 b2 52. Bb1 h4 53. f5 Bc4 54. Kd4 Re2 55. Kxc4 h3 56. Rb3 h2 57. Rh3 Kf6 58. Kd3 Rg2 59. Rh5 Ke5 60. Ke3 Rg1 61. Rxh2 Rxb1 0-1

[Event "Budapest-chT1 Lilienthal 1112"]
[Site "Budapest"]
[Date "2011.10.02"]
[Round "1"]
[White "Tomasek, Tamas Mate"]
[Black "Zoltan, Andras"]
[Result "1-0"]
[WhiteElo "2013"]
[BlackElo "1952"]
[PlyCount "69"]
[EventDate "2011.10.02"]
[EventType "team-tourn"]
[EventRounds "11"]
[EventCountry "HUN"]
[SourceTitle "EXT 2020"]
[Source "ChessBase"]
[SourceDate "2019.10.17"]
[SourceVersion "1"]
[SourceVersionDate "2019.10.17"]
[SourceQuality "1"]
[WhiteTeam "Fabulon"]
[BlackTeam "Budapest Honved III"]
[WhiteTeamCountry "HUN"]
[BlackTeamCountry "HUN"]

1. d4 d5 2. Nf3 c5 3. dxc5 Nc6 4. c4 d4 5. e3 e5 6. exd4 exd4 7. a3 a5 8. Bd3 Bxc5 9. 0-0 Nf6 10. Re1+ Be7 11. Nbd2 Bg4 12. Nb3 0-0 13. Be2 Bxf3 14. Bxf3 a4 15. Bxc6 axb3 16. Bxb7 Rb8 17. Bc6 Bd6 18. Bb5 Qc7 19. h3 Bh2+ 20. Kh1 Rbd8 21. Qxb3 d3 22. Bd2 Bf4 23. Rad1 Bxd2 24. Rxd2 Qf4 25. Rxd3 Qxf2 26. Red1 Rde8 27. Rf3 Re1+ 28. Rxe1 Qxe1+ 29. Kh2 Qe5+ 30. Kg1 Qd4+ 31. Kh1 Ne4 32. Qe3 Qd1+ 33. Kh2 Nf6 34. Rxf6 gxf6 35. Qg3+ 1-0

[Event "HUN-chT2 Erkel 1112"]
[Site "Hungary"]
[Date "2011.09.25"]
[Round "1.9"]
[White "Somogyi, Gabor"]
[Black "Tomasek, Tamas Mate"]
[Result "1/2-1/2"]
[WhiteElo "2003"]
[BlackElo "2013"]
[PlyCount "28"]
[EventDate "2011.09.25"]
[EventType "team-tourn"]
[EventRounds "11"]
[EventCountry "HUN"]
[SourceTitle "EXT 2013"]
[Source "ChessBase"]
[SourceDate "2012.11.22"]
[SourceVersion "1"]
[SourceVersionDate "2012.11.22"]
[SourceQuality "1"]
[WhiteTeam "Dunaharaszti"]
[BlackTeam "Foti"]
[WhiteTeamCountry "HUN"]
[BlackTeamCountry "HUN"]

1. Nf3 d5 2. d4 Bf5 3. c4 e6 4. Nc3 c6 5. cxd5 exd5 6. Qb3 Qb6 7. Qxb6 axb6 8. Nh4 Bc2 9. Bd2 Nf6 10. Rc1 Bg6 11. Nxg6 hxg6 12. e3 Bd6 13. Bd3 Nbd7 14. h3 g5 1/2-1/2

[Event "Budapest FS02 FM-A"]
[Site "Budapest"]
[Date "2011.02.10"]
[Round "6"]
[White "Tomasek, Tamas Mate"]
[Black "Mayer, Istvan"]
[Result "0-1"]
[WhiteElo "1986"]
[BlackElo "2069"]
[PlyCount "92"]
[EventDate "2011.02.05"]
[EventType "tourn"]
[EventRounds "11"]
[EventCountry "HUN"]
[SourceTitle "CBM 140 Extra"]
[Source "ChessBase"]
[SourceDate "2011.03.01"]
[SourceVersion "1"]
[SourceVersionDate "2011.03.01"]
[SourceQuality "1"]

1. d4 d5 2. Nf3 Nf6 3. c4 dxc4 4. Nc3 e6 5. Qa4+ c6 6. Qxc4 Nbd7 7. g3 Bd6 8. Bg2 0-0 9. 0-0 e5 10. Rd1 Qe7 11. Bg5 h6 12. Bxf6 Nxf6 13. d5 Bd7 14. Nd2 cxd5 15. Nxd5 Nxd5 16. Bxd5 Rac8 17. Qb3 Bc6 18. Ne4 Bb4 19. a3 Bc5 20. Rac1 Bb6 21. Bxc6 Rxc6 22. Rxc6 bxc6 23. Rc1 Rc8 24. Qa4 f5 25. Qc4+ Kh8 26. Nc5 Rd8 27. Na4 Rd6 28. Qb3 Qd8 29. Nc3 Qf6 30. Rd1 Rxd1+ 31. Qxd1 Bd4 32. e3 Bxc3 33. bxc3 Qe7 34. Qa4 Qd7 35. c4 Kh7 36. Qb3 Kg6 37. a4 Qc7 38. c5 Kf6 39. Qc3 Ke6 40. Qc4+ Kf6 41. e4 Qd7 42. f3 Qd4+ 43. Qxd4 exd4 44. exf5 Kxf5 45. f4 Ke4 46. Kf2 Kd3 0-1

[Event "Budapest FS02 FM-A"]
[Site "Budapest"]
[Date "2011.02.09"]
[Round "5"]
[White "Szalanczy, Emil"]
[Black "Tomasek, Tamas Mate"]
[Result "1-0"]
[WhiteElo "2239"]
[BlackElo "1986"]
[PlyCount "148"]
[EventDate "2011.02.05"]
[EventType "tourn"]
[EventRounds "11"]
[EventCountry "HUN"]
[SourceTitle "CBM 140 Extra"]
[Source "ChessBase"]
[SourceDate "2011.03.01"]
[SourceVersion "1"]
[SourceVersionDate "2011.03.01"]
[SourceQuality "1"]

1. e4 e6 2. d4 d5 3. Nc3 Nf6 4. e5 Nfd7 5. f4 c5 6. Nce2 cxd4 7. Nxd4 Nc6 8. Ngf3 Bc5 9. c3 Qb6 10. Be2 Ndb8 11. 0-0 Bd7 12. Kh1 Nxd4 13. cxd4 Be7 14. a3 Bb5 15. Be3 Bxe2 16. Qxe2 Nc6 17. Rac1 g6 18. Rc3 Na5 19. Qc2 Nc4 20. Bc1 Qa6 21. Rg1 b5 22. Qe2 Rc8 23. b3 Nb6 24. Rxc8+ Nxc8 25. a4 Qb7 26. axb5 Nb6 27. Be3 Na8 28. Qc2 Nc7 29. Rc1 Nxb5 30. f5 gxf5 31. Qc8+ Qxc8 32. Rxc8+ Bd8 33. Rb8 a6 34. Bd2 h6 35. Ra8 Nc7 36. Ra7 Kd7 37. Ba5 Kc6 38. b4 Rf8 39. h3 Nb5 40. Ra8 Kd7 41. Kh2 Re8 42. Rxa6 Bxa5 43. bxa5 Nc7 44. Rd6+ Ke7 45. Rc6 Kd7 46. Rc2 Ra8 47. Ra2 Na6 48. Kg3 Nb4 49. Ra4 Nc6 50. a6 Ne7 51. Ra2 Kc6 52. Kh4 Kb6 53. Kh5 Ng8 54. Rc2 Kxa6 55. Rc7 Rf8 56. Ne1 Kb6 57. Rc2 Ra8 58. Nd3 Ra4 59. Nc5 Rxd4 60. Nd7+ Kb7 61. Nf6 Nxf6+ 62. exf6 e5 63. Kxh6 e4 64. Kg7 e3 65. Kxf7 Rd2 66. Rc1 d4 67. Ke6 Ra2 68. Kxf5 d3 69. Ke4 d2 70. Rb1+ Kc7 71. Kxe3 Kd6 72. Rd1 Ra3+ 73. Kxd2 Ke5 74. Ke2 Kxf6 1-0

[Event "HUN-chT2 Erkel 0910"]
[Site "Hungary"]
[Date "2010.03.21"]
[Round "8.12"]
[White "Der, Agoston"]
[Black "Tomasek, Tamas Mate"]
[Result "1-0"]
[WhiteElo "1776"]
[BlackElo "1982"]
[PlyCount "145"]
[EventDate "2009.11.08"]
[EventType "team-tourn"]
[EventRounds "11"]
[EventCountry "HUN"]
[SourceTitle "EXT 2011"]
[Source "ChessBase"]
[SourceDate "2010.11.26"]
[SourceVersion "1"]
[SourceVersionDate "2010.11.26"]
[SourceQuality "1"]
[WhiteTeam "Vaci"]
[BlackTeam "Foti"]
[WhiteTeamCountry "HUN"]
[BlackTeamCountry "HUN"]

1. c4 Nf6 2. Nc3 g6 3. g3 Bg7 4. Bg2 0-0 5. d3 c6 6. Nf3 d5 7. cxd5 Nxd5 8. Bd2 Bg4 9. Nxd5 Qxd5 10. Bc3 e5 11. 0-0 Na6 12. Nxe5 Qe6 13. Nxg4 Qxg4 14. Bxg7 Kxg7 15. Qd2 Rfe8 16. Bf3 Qd7 17. h4 Nc7 18. Kg2 Ne6 19. Qc3+ Kg8 20. e3 Rad8 21. Rad1 f5 22. d4 Nc7 23. Qc5 a6 24. Rd3 Nd5 25. Rc1 Qe7 26. Rb3 Nf6 27. Rd3 Ne4 28. Qc4+ Kg7 29. Bxe4 fxe4 30. Rd2 Rd5 31. Rdc2 Qf6 32. Qe2 Rf8 33. Rc5 Rd7 34. b4 Rdf7 35. R1c2 Qd6 36. Qg4 Qe7 37. Re5 Qxb4 38. Qxe4 Qb1 39. Re7 Kg8 40. Rxf7 Kxf7 41. d5 Re8 42. Qc4 cxd5 43. Qxd5+ Kf8 44. Qd6+ Kg8 45. Qd5+ Kh8 46. Rc7 Qe4+ 47. Qxe4 Rxe4 48. Rxb7 Ra4 49. Rb2 Kg7 50. f4 h5 51. Kf3 Ra3 52. Re2 Kf6 53. g4 a5 54. g5+ Kf5 55. Rc2 Ke6 56. Rc6+ Kf7 57. Ke4 Rxa2 58. Rc7+ Kf8 59. Ke5 Rb2 60. Rc4 Ke7 61. e4 Rb5+ 62. Kd4 Kd7 63. Rc5 Rb4+ 64. Ke5 a4 65. Ra5 Ke7 66. f5 gxf5 67. exf5 Kf7 68. g6+ Kg7 69. Ra7+ Kg8 70. Kf6 Rb6+ 71. Kg5 Rb5 72. Kh6 Rb8 73. f6 1-0

[Event "HUN-chT2 Erkel 0910"]
[Site "Hungary"]
[Date "2010.02.28"]
[Round "7.10"]
[White "Tomasek, Tamas Mate"]
[Black "Biro, Laszlo"]
[Result "1/2-1/2"]
[WhiteElo "1982"]
[BlackElo "2067"]
[PlyCount "89"]
[EventDate "2009.11.08"]
[EventType "team-tourn"]
[EventRounds "11"]
[EventCountry "HUN"]
[SourceTitle "EXT 2011"]
[Source "ChessBase"]
[SourceDate "2010.11.26"]
[SourceVersion "1"]
[SourceVersionDate "2010.11.26"]
[SourceQuality "1"]
[WhiteTeam "Foti"]
[BlackTeam "Husi"]
[WhiteTeamCountry "HUN"]
[BlackTeamCountry "HUN"]

1. d4 Nf6 2. Nf3 e6 3. g3 d5 4. Bg2 Bd6 5. 0-0 Nbd7 6. Bg5 h6 7. Bxf6 Nxf6 8. Nbd2 0-0 9. c4 c6 10. Qc2 Re8 11. e4 dxe4 12. Nxe4 Nxe4 13. Qxe4 f5 14. Qe2 Bd7 15. Ne5 Bxe5 16. dxe5 Qc7 17. Rfd1 c5 18. Rd6 Rad8 19. Rad1 Bc8 20. Qe3 b6 21. Qd2 Rxd6 22. Qxd6 Qxd6 23. Rxd6 Ba6 24. b3 Kf7 25. a4 Ke7 26. a5 Rb8 27. Bc6 Rd8 28. axb6 axb6 29. Rxd8 Kxd8 30. f4 Kc7 31. Ba4 Bb7 32. Kf2 Bc6 33. Bb5 Bxb5 34. cxb5 Kd7 35. Kf3 Ke7 36. g4 g6 37. Kg3 Kf7 38. h4 h5 39. gxf5 gxf5 40. Kf3 Ke7 41. Ke3 Kd7 42. Kd3 Ke7 43. Kc4 Kd7 44. b4 cxb4 45. Kxb4 1/2-1/2

[Event "HUN-chT2 Erkel 0910"]
[Site "Hungary"]
[Date "2010.01.31"]
[Round "5.10"]
[White "Tomasek, Tamas Mate"]
[Black "Bertok, Bela"]
[Result "1-0"]
[WhiteElo "1982"]
[BlackElo "1965"]
[PlyCount "95"]
[EventDate "2009.11.08"]
[EventType "team-tourn"]
[EventRounds "11"]
[EventCountry "HUN"]
[SourceTitle "EXT 2011"]
[Source "ChessBase"]
[SourceDate "2010.11.26"]
[SourceVersion "1"]
[SourceVersionDate "2010.11.26"]
[SourceQuality "1"]
[WhiteTeam "Foti"]
[BlackTeam "Pestszentlorinc"]
[WhiteTeamCountry "HUN"]
[BlackTeamCountry "HUN"]

1. d4 Nf6 2. Nf3 e6 3. g3 b6 4. Bg2 Bb7 5. 0-0 Be7 6. c4 0-0 7. Nc3 d6 8. Qc2 c5 9. dxc5 bxc5 10. Rd1 Nc6 11. Bg5 a6 12. Bxf6 Bxf6 13. Ne4 Nb4 14. Nxf6+ Qxf6 15. Qb3 d5 16. a3 dxc4 17. Qxc4 Bd5 18. Qxc5 Nc6 19. b4 Rfc8 20. Rac1 h6 21. Qc3 Qe7 22. Ne5 Bxg2 23. Kxg2 Nxe5 24. Qxe5 Qb7+ 25. f3 Qb5 26. Qxb5 axb5 27. Rxc8+ Rxc8 28. Rd7 Ra8 29. Rb7 Rxa3 30. Rxb5 Kf8 31. Rb8+ Ke7 32. b5 Rb3 33. b6 g6 34. Kf2 h5 35. Ke1 Rb2 36. h4 Kf6 37. Kd1 Ke7 38. Kc1 Rb5 39. Kc2 Kd7 40. Kc3 Kc6 41. Kd4 e5+ 42. Kc4 Rc5+ 43. Kd3 Rd5+ 44. Ke3 Rd7 45. Ke4 Re7 46. g4 f5+ 47. gxf5 gxf5+ 48. Kxf5 1-0

[Event "HUN-chT U18"]
[Site "Miskolc"]
[Date "2008.10.29"]
[Round "4.17"]
[White "Tomasek, Tamas Mate"]
[Black "Heidrich, Mate"]
[Result "1/2-1/2"]
[WhiteElo "1915"]
[BlackElo "1916"]
[PlyCount "40"]
[EventDate "2008.10.27"]
[EventType "team-swiss"]
[EventRounds "8"]
[EventCountry "HUN"]
[SourceTitle "EXT 2016"]
[Source "ChessBase"]
[SourceDate "2015.10.08"]
[SourceVersion "1"]
[SourceVersionDate "2015.10.08"]
[SourceQuality "1"]

1. d4 d5 2. Nf3 e6 3. c4 c6 4. cxd5 cxd5 5. Nc3 Nc6 6. Bf4 Nf6 7. e3 Bb4 8. a3 Bxc3+ 9. bxc3 Ne4 10. Rc1 0-0 11. Bd3 Nf6 12. 0-0 h6 13. Qe2 Nh5 14. Bg3 Nxg3 15. hxg3 Bd7 16. c4 dxc4 17. Bxc4 Qa5 18. Qb2 b6 19. Qc3 Rfc8 20. Qxa5 Nxa5 1/2-1/2

[Event "HUN-chT U18"]
[Site "Miskolc"]
[Date "2008.10.27"]
[Round "1.5"]
[White "Hando, Vilmos"]
[Black "Tomasek, Tamas Mate"]
[Result "1/2-1/2"]
[WhiteElo "2314"]
[BlackElo "1915"]
[PlyCount "94"]
[EventDate "2008.10.27"]
[EventType "team-swiss"]
[EventRounds "8"]
[EventCountry "HUN"]
[SourceTitle "EXT 2016"]
[Source "ChessBase"]
[SourceDate "2015.10.08"]
[SourceVersion "1"]
[SourceVersionDate "2015.10.08"]
[SourceQuality "1"]

1. d4 d5 2. Nf3 Nf6 3. c4 e6 4. Nc3 c6 5. cxd5 exd5 6. Qc2 Bd6 7. Bg5 0-0 8. e3 Re8 9. Bd3 h6 10. Bh4 Bg4 11. Nd2 Bh5 12. Ne2 Bxe2 13. Bxe2 Nbd7 14. 0-0 Qc7 15. Bg3 Bxg3 16. hxg3 Qd6 17. Bd3 Ng4 18. Bh7+ Kh8 19. Bf5 Ndf6 20. Qd1 h5 21. Qf3 Qe7 22. Rae1 g6 23. Bd3 Ne4 24. Qd1 Ngf6 25. Re2 Nxd2 26. Qxd2 Ne4 27. Bxe4 dxe4 28. Qc3 Kg8 29. Rc1 Rac8 30. Qc5 b6 31. Qxe7 Rxe7 32. Rec2 Rec7 33. b4 Kf8 34. f3 exf3 35. gxf3 Ke7 36. Rc3 Kd6 37. Ra3 Kd5 38. Kf2 f5 39. Ra6 g5 40. a4 f4 41. gxf4 gxf4 42. a5 fxe3+ 43. Kxe3 Re8+ 44. Kd3 Rce7 45. axb6 Re3+ 46. Kc2 axb6 47. Rxb6 Rxf3 1/2-1/2

[Event "HUN-chT2 Erkel 0708"]
[Site "Hungary"]
[Date "2008.04.27"]
[Round "10"]
[White "Bohati, Tamas"]
[Black "Tomasek, Tamas Mate"]
[Result "1/2-1/2"]
[WhiteElo "2027"]
[BlackElo "1793"]
[PlyCount "99"]
[EventDate "2007.10.14"]
[EventType "team"]
[EventRounds "11"]
[EventCountry "HUN"]
[SourceTitle "EXT 2009"]
[Source "ChessBase"]
[SourceDate "2008.11.26"]
[SourceVersion "1"]
[SourceVersionDate "2008.11.26"]
[SourceQuality "1"]
[WhiteTeam "Paszto"]
[BlackTeam "Foti"]
[WhiteTeamCountry "HUN"]
[BlackTeamCountry "HUN"]

1. d4 e6 2. c4 d5 3. Nf3 Nf6 4. Nc3 c6 5. Bg5 Be7 6. e3 Nbd7 7. Bd3 dxc4 8. Bxc4 b5 9. Bd3 a6 10. 0-0 c5 11. dxc5 Nxc5 12. Bc2 Bb7 13. Qxd8+ Rxd8 14. Rad1 0-0 15. Ne5 h6 16. Bh4 g5 17. Bg3 Nfe4 18. Nxe4 Nxe4 19. Bxe4 Bxe4 20. f3 Bd5 21. a3 Bf6 22. Rf2 Bb3 23. Rdd2 Rxd2 24. Rxd2 Rd8 25. Rxd8+ Bxd8 26. Nc6 Bf6 27. Be5 Bxe5 28. Nxe5 f6 29. Nd7 Kf7 30. Nc5 Bc4 31. Nxa6 Ke7 32. Kf2 Kd6 33. Ke1 e5 34. e4 Kc6 35. b4 h5 36. g3 Kd6 37. Kd2 Kc6 38. Ke3 Kd6 39. Nc5 g4 40. fxg4 hxg4 41. Nd3 Be6 42. Nf2 f5 43. Nd1 Bd7 44. Nc3 Ke6 45. exf5+ Kxf5 46. Nd5 Ke6 47. Nc3 Kf5 48. Nd5 Ke6 49. Nc3 Kf5 50. Nd5 1/2-1/2

[Event "HUN-chT2 Erkel 0708"]
[Site "Hungary"]
[Date "2008.02.17"]
[Round "6"]
[White "Tomasek, Tamas Mate"]
[Black "Kovacs, Istvan"]
[Result "1-0"]
[WhiteElo "1741"]
[BlackElo "2220"]
[PlyCount "39"]
[EventDate "2007.10.14"]
[EventType "team"]
[EventRounds "11"]
[EventCountry "HUN"]
[SourceTitle "EXT 2009"]
[Source "ChessBase"]
[SourceDate "2008.11.26"]
[SourceVersion "1"]
[SourceVersionDate "2008.11.26"]
[SourceQuality "1"]
[WhiteTeam "Foti"]
[BlackTeam "Ujszasz"]
[WhiteTeamCountry "HUN"]
[BlackTeamCountry "HUN"]

1. d4 d5 2. c4 e6 3. cxd5 exd5 4. Nf3 Bd6 5. Nc3 Nf6 6. Bg5 Be6 7. e3 0-0 8. Bd3 Nbd7 9. 0-0 c6 10. Qc2 h6 11. Bh4 Bg4 12. Rac1 Bxf3 13. gxf3 a6 14. Kh1 Kh8 15. e4 Bf4 16. Rce1 Qb6 17. e5 Nh5 18. Ne2 Rae8 19. Bf5 Qc7 20. Bg4 1-0